Giáo trình nhập môn cơ sở dữ liệu

Enregistré dans:
Détails bibliographiques
Auteur principal: Phương Lan
Format: Livre
Langue:Undetermined
Publié: Hà Nội Lao động - Xã hội 2006
Sujets:
Tags: Ajouter un tag
Pas de tags, Soyez le premier à ajouter un tag!
Thư viện lưu trữ: Trung tâm Học liệu Trường Đại học Cần Thơ
LEADER 00556nam a2200193Ia 4500
001 CTU_112295
008 210402s9999 xx 000 0 und d
020 |c 35000 
082 |a 005.74 
082 |b Ph561 
100 |a Phương Lan 
245 0 |a Giáo trình nhập môn cơ sở dữ liệu 
245 0 |c Phương Lan 
260 |a Hà Nội 
260 |b Lao động - Xã hội 
260 |c 2006 
650 |a Database management,Database design 
904 |i Minh 
980 |a Trung tâm Học liệu Trường Đại học Cần Thơ